| 000 | 00757nam a2200253 4500 | ||
|---|---|---|---|
| 003 | OSt | ||
| 005 | 20240708022352.0 | ||
| 006 | a | ||
| 008 | 240708b |||||||| |||| 00| 0 eng d | ||
| 020 | _a9812321861 | ||
| 040 |
_aDWCL-Main lib. _cOC |
||
| 082 |
_2Second edition _aCirc. 952 S545j 2001 |
||
| 100 | _aShelley, Rex | ||
| 245 | _aJapan / | ||
| 250 | _aSecond edition | ||
| 260 |
_aSingapore : _bTimes Books International, _cc2001. |
||
| 300 |
_b144 p. : col. ill. ; _c23 cm. |
||
| 490 | _3Cultures of the World | ||
| 504 | _aIncludes bibliographical references and index. | ||
| 650 | _a1. Japan. | ||
| 650 | _a2. Japan-Social life and customs. | ||
| 650 | _a3. Japan-Social conditions. | ||
| 942 |
_2ddc _n0 _cBK-CIRC _eSecond edition _kCirc. |
||
| 999 |
_c2079 _d2079 |
||